| 000 | 00967nam a2200181Ia 4500 | ||
|---|---|---|---|
| 008 | 090124s9999 xx 000 0 und d | ||
| 082 |
_b30040 _a472 |
||
| 100 | _aदेशपांडे माधव मुरलीधर | ||
| 245 | _a" संस्कृत आणि प्राकृत भाषा (व्यवहार, नियमन आणि शास्त्रचर्चा)" | ||
| 250 | _a1 | ||
| 260 | _c1995 | ||
| 300 | _a319 | ||
| 600 | _aदेशपांडे माधव मुरलीधर | ||
| 630 | _a" संस्कृत आणि प्राकृत भाषा (व्यवहार, नियमन आणि शास्त्रचर्चा)" | ||
| 700 | _aदेशपांडे माधव मुरलीधर | ||
| 730 | _a" संस्कृत आणि प्राकृत भाषा (व्यवहार, नियमन आणि शास्त्रचर्चा)" | ||
| 942 | _cBOOK | ||
| 999 |
_c143523 _d143523 |
||